000 00785nam a2200229 a 4500
001 000018862
005 20200929165854.0
008 100519s1999 dr a 000 0 spa d
020 _a9685081026
040 _aDO-SdBNP
_bspa
_cBNPHU
082 _a861
_bF477p
245 0 0 _aFiguras piedadenses /
_cEstudio introductorio de José Antonio Martínez A. ; prólogo de Ramón Maya Morales.
260 _aLa Piedad Michoacan, [México] :
_bAyuntamiento de la Piedad,
_c1999.
300 _a451 p. :
_bil. ;
_c23 cm.
490 1 _aObras
650 4 _aPoesía española
_xColecciones
_93395
650 4 _aLiteratura española
_xColecciones
_94174
700 1 _aMartínez A. José Antonio,
_940631
700 1 _aMaya Morales, Ramón,
_epról.
_940632
830 0 _aObras
_920852
049 _aBNGR
999 _c18381
_d18381